000
00153 a2200085 4500
041
_a
spa
100
_a
Anonimo
245
_a
Codigo dei trabajo
942
_c
BK
999
_c
16464
_d
16464